| 000 | 00482cam a2200157 4500 | ||
|---|---|---|---|
| 040 | _cDLC | ||
| 082 | 0 | 0 | _a759 NOR 1969 A087 Or. |
| 100 | 1 | _aStubblebine, James H., | |
| 245 | 1 | 0 | _aGiotto: the Arena Chapel frescoes. |
| 250 | _a[1st ed.] | ||
| 260 |
_aNew York, _bNorton _c[1969] |
||
| 300 |
_axiii, 218 p. _b129 illus. _c22 cm. |
||
| 490 | 0 | _aNorton critical studies in art history | |
| 500 | _aIncludes an introductory essay, backgrounds and sources, and criticism. | ||
| 942 | _cEK | ||
| 999 |
_c16318 _d16318 |
||